000 00532nam a2200181Ia 4500
005 20250423094559.0
008 250422s9999 xx 000 0 und d
020 _a9780520245865
050 _aPN 1992.6 .K55/
100 _aKlinger, Barbara
245 0 _aBeyond the multiplex
260 _aBerkeley
260 _bUniversity of California Press
260 _c2006
300 _a10 p
650 _aTelevision--Social aspects. Television--Technological innovations. Motion pictures and television. Home theaters.
942 _cBK
999 _c27668
_d27668